[Event "International Championship of Central S"]
[Site "Paracin"]
[Date "2014.07.07"]
[Round "4.24"]
[White "Popovic, Aleksandar M"]
[Black "Popovic, Djordje D"]
[Result "0-1"]
[WhiteElo "2323"]
[BlackElo "2208"]
[PlyCount "80"]
[EventDate "2014.07.04"]

1. e4 c5 2. Nf3 d6 3. d4 cxd4 4. Nxd4 Nf6 5. Nc3 a6 6. Bg5 e6 7. f4 Qb6 8. Qd2
Nc6 9. O-O-O Be7 10. Nf3 Qc7 11. Bxf6 gxf6 12. f5 h5 13. g3 b5 14. fxe6 fxe6
15. Bh3 Bd7 16. Ne2 Ne5 17. Nfd4 Nc4 18. Qd3 Qa5 19. Kb1 Qb4 20. Nb3 Ne5 21.
Qe3 a5 22. Rd4 Nc4 23. Qc1 d5 24. Nf4 a4 25. Nd3 Qd6 26. Nbc5 Qb6 27. Nxd7 Kxd7
28. c3 Ke8 29. Re1 dxe4 30. Rdxe4 e5 31. Ka1 Ra7 32. Qc2 Kf7 33. Qe2 Qc6 34.
Bg2 Qc8 35. Rh4 a3 36. b3 Nb2 37. Nxb2 Qxc3 38. Rd1 Rd7 39. Kb1 axb2 40. Rxh5
Rxd1+ 0-1

[Event "International Championship of Central S"]
[Site "Paracin"]
[Date "2014.07.07"]
[Round "4.25"]
[White "Todorovic, Nenad I"]
[Black "Sarenac, David"]
[Result "0-1"]
[WhiteElo "2173"]
[BlackElo "2304"]
[PlyCount "74"]
[EventDate "2014.07.04"]

1. e4 c5 2. Nf3 e6 3. d4 cxd4 4. Nxd4 Bc5 5. Nb3 Bb6 6. Nc3 Ne7 7. Qh5 O-O 8.
Bg5 f6 9. Bh4 Nbc6 10. O-O-O a6 11. Bc4 Qc7 12. Bg3 Ne5 13. Be2 Ba7 14. f4 Nf7
15. f5 e5 16. Nd5 Nxd5 17. Rxd5 b5 18. Rhd1 d6 19. Qh4 Bb7 20. R5d3 Rac8 21.
Rc3 Qb6 22. Rxc8 Rxc8 23. Bd3 a5 24. Nd2 a4 25. Rf1 Qd4 26. Kb1 a3 27. bxa3 Qa4
28. Bf2 Bc5 29. Nb3 Bxa3 30. Be1 Ng5 31. Qf2 Bc5 32. Qe2 Ra8 33. c4 bxc4 34.
Bxc4+ Kh8 35. Bd5 Ba6 36. Qb2 Bd3+ 37. Ka1 Bd4 0-1

[Event "International Championship of Central S"]
[Site "Paracin"]
[Date "2014.07.07"]
[Round "4.26"]
[White "Radovic, Stefan"]
[Black "Radovanovic, Nikola"]
[Result "0-1"]
[WhiteElo "2072"]
[BlackElo "2303"]
[PlyCount "102"]
[EventDate "2014.07.04"]

1. c4 Nf6 2. Nc3 g6 3. Nf3 Bg7 4. g3 O-O 5. Bg2 d6 6. O-O c5 7. d4 Nc6 8. dxc5
dxc5 9. Bf4 Nd4 10. Be5 Ne8 11. Bxg7 Nxg7 12. e3 Nc6 13. Qe2 Bf5 14. Rfd1 Qc8
15. Qf1 h6 16. Rd2 Rd8 17. Rad1 Rxd2 18. Rxd2 Ne8 19. h3 Nf6 20. Kh2 g5 21. h4
Qf8 22. Nd5 Ne4 23. Rd1 Qg7 24. hxg5 hxg5 25. Nd2 Nf6 26. Nxf6+ Qxf6 27. Ne4
Bxe4 28. Bxe4 Ne5 29. Kg1 Kg7 30. Bxb7 Rb8 31. Qg2 g4 32. Kf1 Rh8 33. Ke2 Nxc4
34. Qe4 Qxb2+ 35. Kf1 Ne5 36. Kg2 f6 37. Rh1 Rxh1 38. Kxh1 Qxf2 39. Qf4 Qxf4
40. exf4 Nd3 41. Kg2 f5 42. Ba6 Nb4 43. Bc4 Kf6 44. Kf2 e5 45. fxe5+ Kxe5 46.
Ke3 Nd5+ 47. Kd3 f4 48. gxf4+ Nxf4+ 49. Ke3 g3 50. Ba6 g2 51. Kf2 Kd4 0-1

[Event "International Championship of Central S"]
[Site "Paracin"]
[Date "2014.07.07"]
[Round "4.28"]
[White "Petrisor, Adrian-Marian"]
[Black "Tscharotschkin, Michael"]
[Result "1/2-1/2"]
[WhiteElo "2441"]
[BlackElo "2179"]
[PlyCount "40"]
[EventDate "2014.07.04"]

1. d4 d5 2. c4 c6 3. Nf3 e6 4. e3 f5 5. Be2 Nf6 6. O-O Bd6 7. b3 Qe7 8. a4 O-O
9. Ba3 Bxa3 10. Nxa3 b6 11. Nc2 Nbd7 12. a5 Ba6 13. Nce1 Ne4 14. Qc2 Qb4 15.
axb6 axb6 16. Rxa6 Rxa6 17. cxd5 b5 18. dxc6 Ndf6 19. Ne5 Nd5 20. Bf3 Ra1
1/2-1/2

[Event "International Championship of Central S"]
[Site "Paracin"]
[Date "2014.07.07"]
[Round "4.29"]
[White "Thomassen, Joachim"]
[Black "Yordanov, Nikolay"]
[Result "0-1"]
[WhiteElo "2353"]
[BlackElo "2177"]
[PlyCount "74"]
[EventDate "2014.07.04"]

1. d4 d5 2. c4 e6 3. Nf3 Nf6 4. cxd5 exd5 5. Bg5 Qd6 6. Bxf6 Qxf6 7. Nc3 c6 8.
Rc1 Nd7 9. e3 Bd6 10. Bd3 O-O 11. O-O Qh6 12. Ne2 Nf6 13. Ng3 Re8 14. Qc2 g6
15. Rfe1 Bd7 16. a3 Re7 17. b4 a6 18. Qc3 Rae8 19. a4 Ne4 20. Bxe4 dxe4 21. Nd2
f5 22. Nc4 Bb8 23. Nb6 Be6 24. b5 axb5 25. axb5 cxb5 26. Qb4 f4 27. Nxe4 fxe3
28. g3 exf2+ 29. Nxf2 Bc7 30. Na8 Bd8 31. Ne4 Qg7 32. Nd6 Bc4 33. Re5 Rxe5 34.
dxe5 Qxe5 35. Rxc4 Qa1+ 36. Kf2 Qa2+ 37. Kg1 Re2 0-1

[Event "International Championship of Central S"]
[Site "Paracin"]
[Date "2014.07.07"]
[Round "4.30"]
[White "Tisma, Ivan"]
[Black "Milenkovic, Mladen"]
[Result "0-1"]
[WhiteElo "2095"]
[BlackElo "2344"]
[PlyCount "138"]
[EventDate "2014.07.04"]

1. Nf3 Nf6 2. c4 b6 3. g3 Bb7 4. Bg2 c5 5. O-O g6 6. d4 cxd4 7. Qxd4 Bg7 8. Nc3
Nc6 9. Qf4 Rc8 10. Bd2 h6 11. g4 g5 12. Qg3 d6 13. Rfd1 Qd7 14. h3 Nd8 15. Rac1
Ne6 16. Be3 Rxc4 17. Ne5 Nh5 18. Nxd7 Nxg3 19. fxg3 Bxg2 20. Nxb6 axb6 21. Kxg2
Rb4 22. b3 Bxc3 23. Rxc3 Kd7 24. a3 Rb5 25. b4 Ra8 26. Bf2 Nc7 27. e4 Re5 28.
Kf3 Nb5 29. Rb3 Rxa3 30. Rxa3 Nxa3 31. Bxb6 Rb5 32. Ba5 Nc2 33. Rb1 Nd4+ 34.
Ke3 Nc6 35. Ra1 Nxb4 36. Bxb4 Rxb4 37. h4 Rb3+ 38. Kf2 Rb2+ 39. Kf3 Rb3+ 40.
Kf2 gxh4 41. gxh4 Ke6 42. Ra5 Kf6 43. Rh5 Kg6 44. Rd5 Rc3 45. Kg2 Re3 46. Rd4
Kf6 47. Kf2 Rh3 48. Rd1 Rxh4 49. Kg3 Kg5 50. Rd4 e5 51. Rxd6 Rxg4+ 52. Kf3 Rf4+
53. Ke3 Rh4 54. Rd7 Rh3+ 55. Ke2 Kg6 56. Re7 f6 57. Re8 Kf7 58. Rh8 h5 59. Kf2
Rh4 60. Kf3 Kg7 61. Ra8 Rf4+ 62. Ke3 h4 63. Ra1 Kh6 64. Ra8 Kh5 65. Rg8 h3 66.
Rh8+ Kg4 67. Rg8+ Kh4 68. Rh8+ Kg3 69. Rg8+ Rg4 0-1

[Event "International Championship of Central S"]
[Site "Paracin"]
[Date "2014.07.07"]
[Round "4.31"]
[White "Cvetkovic, Srdjan"]
[Black "Mrsic, Robert"]
[Result "1/2-1/2"]
[WhiteElo "2325"]
[BlackElo "2134"]
[PlyCount "63"]
[EventDate "2014.07.04"]

1. c4 e5 2. Nc3 Nf6 3. Nf3 Nc6 4. g3 Nd4 5. Bg2 Nxf3+ 6. Bxf3 Bb4 7. Qb3 Bc5 8.
Na4 Be7 9. Qe3 d6 10. d4 O-O 11. dxe5 dxe5 12. O-O Bh3 13. Bg2 Bxg2 14. Kxg2
Qd7 15. b3 Qc6+ 16. Kg1 Ne4 17. Nc3 Nxc3 18. Qxc3 f5 19. Bb2 Bf6 20. Rad1 e4
21. Qc1 f4 22. Bxf6 Rxf6 23. Qd2 f3 24. exf3 exf3 25. Qd5+ Qxd5 26. Rxd5 Re8
27. h3 Re2 28. Rd7 Rf7 29. Rd8+ Rf8 30. Rd7 Rf7 31. Rd8+ Rf8 32. Rd7 1/2-1/2

[Event "International Championship of Central S"]
[Site "Paracin"]
[Date "2014.07.07"]
[Round "4.32"]
[White "Dezelin, Milan"]
[Black "Mazet, Julien"]
[Result "1/2-1/2"]
[WhiteElo "2298"]
[BlackElo "2083"]
[PlyCount "49"]
[EventDate "2014.07.04"]

1. d4 Nf6 2. Bg5 d5 3. Bxf6 exf6 4. e3 Bd6 5. c4 dxc4 6. Bxc4 O-O 7. Nc3 Nd7 8.
Qf3 c6 9. Bb3 Qa5 10. Nge2 Re8 11. O-O Nf8 12. Rfd1 Qf5 13. Qxf5 Bxf5 14. Rac1
Rad8 15. Ng3 Be6 16. Bxe6 Nxe6 17. Na4 Bxg3 18. hxg3 f5 19. Nc5 Nxc5 20. Rxc5
g6 21. b4 a6 22. a4 Re7 23. Rdc1 Kg7 24. Kf1 Rd6 25. Rb1 1/2-1/2

[Event "International Championship of Central S"]
[Site "Paracin"]
[Date "2014.07.07"]
[Round "4.33"]
[White "Todic, Zoran"]
[Black "Drogovoz, Irina"]
[Result "1/2-1/2"]
[WhiteElo "2267"]
[BlackElo "2073"]
[PlyCount "95"]
[EventDate "2014.07.04"]

1. e4 c5 2. d4 cxd4 3. c3 dxc3 4. Bc4 e6 5. Nxc3 Nc6 6. Nf3 a6 7. a4 Nge7 8.
O-O Ng6 9. Qe2 Be7 10. Rd1 O-O 11. g3 Qc7 12. Ba2 b6 13. Ng5 h6 14. Nh3 Bb7 15.
Be3 Rfd8 16. Rac1 Bc5 17. Bf4 Nxf4 18. Nxf4 Rac8 19. Qg4 Qe5 20. Nd3 Qg5 21.
Qh3 Nd4 22. Kf1 Qf6 23. f4 d5 24. exd5 Nf5 25. Ne4 Qg6 26. Nexc5 Ne3+ 27. Ke2
Nxd1 28. Ne5 Qf6 29. Ne4 Qe7 30. Rxc8 Bxc8 31. Nc6 Qc7 32. Qh4 Re8 33. Kxd1
exd5 34. Bxd5 Bb7 35. Qg4 Bxc6 36. Nf6+ Kf8 37. Nxe8 Bxa4+ 38. b3 Bxe8 39. Qf5
Qd7 40. Qe4 Qd6 41. Kc1 Qc5+ 42. Kb2 Bd7 43. Bc4 a5 44. Qf3 Be6 45. Qa8+ Qc8
46. Qe4 Qc5 47. f5 Bd7 48. Qf4 1/2-1/2

[Event "International Championship of Central S"]
[Site "Paracin"]
[Date "2014.07.07"]
[Round "4.34"]
[White "Dimic, Pavle"]
[Black "Soilemetzidis, Konstantinos"]
[Result "1-0"]
[WhiteElo "2261"]
[BlackElo "1909"]
[PlyCount "87"]
[EventDate "2014.07.04"]

1. d4 g6 2. c4 Bg7 3. Nf3 d6 4. Nc3 Nc6 5. g3 e5 6. dxe5 dxe5 7. Qxd8+ Kxd8 8.
Bg5+ f6 9. O-O-O+ Bd7 10. Bh3 Nb8 11. Nxe5 fxg5 12. Nxd7 Bxc3 13. Nf6+ Ke7 14.
Nd5+ Kf7 15. Nxc3 Nf6 16. Nd5 Na6 17. Nxf6 Kxf6 18. Rd7 Rad8 19. Rhd1 Rxd7 20.
Rxd7 Re8 21. Kd2 Re7 22. Rxe7 Kxe7 23. Bc8 Nc5 24. f3 Kd8 25. Bh3 a5 26. b3 Ke7
27. Kc3 Kd6 28. e4 Ke5 29. Bc8 h5 30. a3 a4 31. b4 Nb3 32. Bxb7 Nc1 33. Kd2
Nb3+ 34. Ke3 c5 35. Bc6 cxb4 36. Bxa4 Nc5 37. f4+ Ke6 38. Bc2 bxa3 39. Bb1 Nb3
40. c5 Nc1 41. f5+ gxf5 42. exf5+ Ke5 43. c6 Kd6 44. f6 1-0

[Event "International Championship of Central S"]
[Site "Paracin"]
[Date "2014.07.07"]
[Round "4.35"]
[White "Dodic, Dragan"]
[Black "Dauletova, Gulmira"]
[Result "0-1"]
[WhiteElo "2102"]
[BlackElo "2252"]
[PlyCount "101"]
[EventDate "2014.07.04"]

1. d4 Nf6 2. c4 e6 3. Nc3 Bb4 4. f3 d5 5. a3 Bxc3+ 6. bxc3 O-O 7. e3 c5 8. Bd3
Nc6 9. cxd5 exd5 10. Ne2 Re8 11. O-O Qc7 12. Ng3 Bd7 13. Re1 Rac8 14. Bb2 a6
15. Kh1 h5 16. Rc1 b5 17. a4 Na5 18. axb5 axb5 19. Ba3 cxd4 20. cxd4 Nc4 21.
Qb3 g6 22. Nf1 Ra8 23. Bc5 Bc6 24. Bc2 Qb7 25. h4 Qd7 26. Qd3 Qe6 27. Bb1 Nd7
28. Bb4 Qf6 29. e4 Qxh4+ 30. Kg1 dxe4 31. fxe4 Nf6 32. d5 Bd7 33. Bc3 Ng4 34.
Qd4 Nce5 35. Re2 Ra6 36. Be1 Qg5 37. Bd2 Qf6 38. Bc3 Ra4 39. Qd2 b4 40. Bxb4
Bb5 41. Bc3 Bxe2 42. Qxe2 Qb6+ 43. Kh1 Nf2+ 44. Kh2 Neg4+ 45. Kg3 Nxe4+ 46.
Bxe4 Rexe4 47. Qd2 Qg1 48. Bb2 h4+ 49. Kxh4 Nf2+ 50. Kg3 Rg4+ 51. Kf3 0-1

[Event "International Championship of Central S"]
[Site "Paracin"]
[Date "2014.07.07"]
[Round "4.36"]
[White "Stefanov, Emil"]
[Black "Livaja, Mario"]
[Result "1/2-1/2"]
[WhiteElo "2061"]
[BlackElo "2244"]
[PlyCount "111"]
[EventDate "2014.07.04"]

1. d4 Nf6 2. Nf3 e6 3. c4 c5 4. d5 b5 5. Bg5 Qa5+ 6. Qd2 Qxd2+ 7. Nbxd2 Bb7 8.
dxe6 fxe6 9. cxb5 d5 10. e3 Nbd7 11. Be2 Bd6 12. O-O O-O 13. Bxf6 Rxf6 14. e4
Raf8 15. Rad1 Bb8 16. b3 Rh6 17. h3 Bf4 18. exd5 exd5 19. Nc4 Bc7 20. Ne3 Rd6
21. Rd2 d4 22. Nc4 Rg6 23. Nh4 Rgf6 24. Bf3 Bc8 25. Bd5+ Kh8 26. Nf3 Nb6 27.
Nxb6 axb6 28. Re1 Bd6 29. Ne5 g6 30. Nd3 Bf5 31. Be4 Bd7 32. a4 Be6 33. Rb2 Kg7
34. Bc6 h5 35. Ne5 Rd8 36. Nd3 g5 37. f3 Rh8 38. Ne5 Rd8 39. g4 Rh8 40. Kg2
hxg4 41. Nxg4 Bxg4 42. fxg4 Rxh3 43. Re7+ Bxe7 44. Kxh3 Bd6 45. Kg2 Rh6 46. Kf3
Bf4 47. Ke4 Re6+ 48. Kd3 Re3+ 49. Kc2 d3+ 50. Kd1 Kf6 51. Rf2 Ke5 52. Rf3 Kd4
53. Rxe3 Bxe3 54. Be8 c4 55. bxc4 Kxc4 56. Bc6 1/2-1/2

[Event "International Championship of Central S"]
[Site "Paracin"]
[Date "2014.07.07"]
[Round "4.37"]
[White "Lazov, Toni"]
[Black "Pecurica, Milos"]
[Result "1/2-1/2"]
[WhiteElo "2001"]
[BlackElo "2192"]
[PlyCount "129"]
[EventDate "2014.07.04"]

1. e4 e5 2. Nf3 Nc6 3. Bc4 Bc5 4. O-O Nf6 5. d3 a6 6. c3 Ba7 7. Nbd2 d6 8. Bb3
O-O 9. h3 Ne7 10. Re1 Ng6 11. Nf1 h6 12. Ng3 Re8 13. d4 c6 14. Be3 Qc7 15. Qd2
d5 16. exd5 e4 17. Ne5 cxd5 18. Nxg6 fxg6 19. Bf4 Qf7 20. Be5 Be6 21. Re3 Nd7
22. Bd6 Rac8 23. f3 Rc6 24. fxe4 dxe4 25. Rf1 Nf6 26. Nxe4 Bxb3 27. Nxf6+ gxf6
28. Rxf6 Rxd6 29. Rxf7 Bxf7 30. Rxe8+ Bxe8 31. Qxh6 Bf7 32. Qf4 Bb8 33. b3 Rd8
34. Qf6 Rd6 35. Qf4 Rd8 36. Qf6 Re8 37. Kf2 Bc7 38. g4 Re6 39. Qf3 b5 40. g5
Bb6 41. Kg3 b4 42. h4 Kg7 43. Kf4 Bc7+ 44. Kg4 Rd6 45. Qe3 Be6+ 46. Kf3 Bd5+
47. Kf2 Re6 48. Qh3 bxc3 49. Qxc3 Bb6 50. a4 Re4 51. Qc8 Bxd4+ 52. Kg3 Be5+ 53.
Kf2 Rf4+ 54. Ke2 Rxh4 55. Qxa6 Bxb3 56. Qb7+ Bf7 57. a5 Rh2+ 58. Kd3 Rb2 59.
Qe7 Rb3+ 60. Ke4 Bh2 61. a6 Bg1 62. Qf6+ Kg8 63. Qd8+ Kg7 64. Qf6+ Kg8 65. Qd8+
1/2-1/2

[Event "International Championship of Central S"]
[Site "Paracin"]
[Date "2014.07.07"]
[Round "4.38"]
[White "Visanescu, Daria-Ioana"]
[Black "Popchev, Milko"]
[Result "1/2-1/2"]
[WhiteElo "2090"]
[BlackElo "2331"]
[PlyCount "40"]
[EventDate "2014.07.04"]

1. e4 b6 2. d4 Bb7 3. Nc3 g6 4. g3 Bg7 5. Bg2 d6 6. Nge2 Nd7 7. O-O e5 8. Be3
Ngf6 9. h3 O-O 10. Qd2 exd4 11. Nxd4 Re8 12. Bg5 h6 13. Bxh6 Bxh6 14. Qxh6 Nxe4
15. Nxe4 Bxe4 16. Nf3 Qf6 17. Ng5 Bxg2 18. Kxg2 Qg7 19. Qh4 Nf8 20. Qc4 Re5
1/2-1/2

[Event "International Championship of Central S"]
[Site "Paracin"]
[Date "2014.07.07"]
[Round "4.39"]
[White "Persson, Richard"]
[Black "Brkic, Toma"]
[Result "1-0"]
[WhiteElo "2192"]
[BlackElo "2111"]
[PlyCount "63"]
[EventDate "2014.07.04"]

1. e4 c5 2. Nf3 e6 3. b3 d5 4. exd5 exd5 5. Bb5+ Bd7 6. Qe2+ Qe7 7. O-O Qxe2 8.
Bxe2 Bd6 9. d4 b6 10. Nc3 Ne7 11. Nb5 Bxb5 12. Bxb5+ Kf8 13. dxc5 bxc5 14. Rd1
Bc7 15. a4 a6 16. Bf1 Nbc6 17. Ba3 Bb6 18. g3 f6 19. Bg2 Kf7 20. h4 Rhd8 21. c3
a5 22. Ne1 Rab8 23. Rab1 Ba7 24. Nd3 c4 25. bxc4 dxc4 26. Nc5 Ne5 27. Bf1 Nd5
28. Rxb8 Bxb8 29. f4 Nc6 30. Bxc4 Nce7 31. Nb7 Rd7 32. Bxe7 1-0

[Event "International Championship of Central S"]
[Site "Paracin"]
[Date "2014.07.07"]
[Round "4.40"]
[White "Djokic, Nebojsa"]
[Black "Manelidou, Maria"]
[Result "1/2-1/2"]
[WhiteElo "2186"]
[BlackElo "2071"]
[PlyCount "140"]
[EventDate "2014.07.04"]

1. e4 e5 2. Nf3 Nc6 3. Bb5 a6 4. Ba4 Nf6 5. O-O Be7 6. Re1 b5 7. Bb3 O-O 8. d4
d6 9. c3 Bg4 10. Be3 Na5 11. Bc2 c5 12. d5 Nc4 13. Bc1 Nd7 14. h3 Bh5 15. a4
Ncb6 16. g4 Bg6 17. b3 c4 18. b4 Nxa4 19. Bxa4 bxa4 20. Qxa4 h5 21. Nbd2 hxg4
22. hxg4 Nb6 23. Qd1 Qc8 24. Nh2 Bg5 25. Ndf1 Bxc1 26. Qxc1 f6 27. Qe3 Qc7 28.
Ra5 Be8 29. Rea1 Bb5 30. Kg2 Kf7 31. Ng3 Rh8 32. R5a2 Nd7 33. Ra5 Rab8 34. Rh1
Nf8 35. Raa1 Ng6 36. Nh5 Qb6 37. Qxb6 Rxb6 38. Nf3 Rbb8 39. Nd2 Ne7 40. Nf1 Nc8
41. Ne3 g6 42. Ng3 Nb6 43. Rxh8 Rxh8 44. Ngf1 Ke7 45. Ra3 Rc8 46. Nd2 Kf7 47.
f3 Kg7 48. Ndf1 Na4 49. Nd1 Nb6 50. Nfe3 Nd7 51. Nc2 Nb6 52. Nb2 f5 53. gxf5
gxf5 54. Ra5 fxe4 55. fxe4 Na8 56. Na3 Nc7 57. Nbxc4 Bxc4 58. Nxc4 Ne8 59. Ne3
Rxc3 60. Nf5+ Kf6 61. Rxa6 Kg5 62. Nxd6 Nxd6 63. Rxd6 Kf4 64. Rc6 Rb3 65. Rc4
Rb2+ 66. Kh3 Rb1 67. d6 Rd1 68. Rc6 Kxe4 69. b5 Kf5 70. b6 Ke6 1/2-1/2

[Event "International Championship of Central S"]
[Site "Paracin"]
[Date "2014.07.07"]
[Round "4.41"]
[White "Jandric, Damjan"]
[Black "Djordjevic, Gradimir"]
[Result "0-1"]
[WhiteElo "2060"]
[BlackElo "2160"]
[PlyCount "78"]
[EventDate "2014.07.04"]

1. e4 d6 2. Bc4 Nf6 3. d3 e5 4. Nf3 Be7 5. O-O O-O 6. Bb3 Be6 7. c3 Bxb3 8.
Qxb3 b6 9. Nbd2 Nbd7 10. Re1 c6 11. Nf1 Nh5 12. d4 g6 13. Bh6 Re8 14. Ne3 Bf8
15. Ng4 Qc8 16. h3 c5 17. Bxf8 Kxf8 18. Ng5 Re7 19. Qd5 exd4 20. cxd4 cxd4 21.
Rac1 Qe8 22. Qxd4 f6 23. Nxh7+ Rxh7 24. Qxd6+ Qe7 25. Qd5 Rd8 26. Rc7 a5 27.
Rd1 Nf4 28. Qc6 Ne6 29. Ra7 Nec5 30. Rd6 Rf7 31. Nh6 Rg7 32. b3 Qxe4 33. Rxf6+
Ke8 34. Qxe4+ Nxe4 35. Re6+ Re7 36. Rxg6 Nef6 37. g4 Ne5 38. Rxe7+ Kxe7 39. f4
Nxg6 0-1

[Event "International Championship of Central S"]
[Site "Paracin"]
[Date "2014.07.07"]
[Round "4.42"]
[White "Radovic, Janko"]
[Black "Stojkovska, Monika"]
[Result "1-0"]
[WhiteElo "2150"]
[BlackElo "2040"]
[PlyCount "67"]
[EventDate "2014.07.04"]

1. e4 e6 2. d4 d5 3. e5 c5 4. Qg4 cxd4 5. Nf3 Nc6 6. Bd3 Qc7 7. O-O Nge7 8. Re1
Ng6 9. Qg3 Bd7 10. h4 Nb4 11. h5 Ne7 12. Nxd4 Nxd3 13. cxd3 Qb6 14. Qf4 Nc6 15.
Nxc6 bxc6 16. Nd2 c5 17. Re3 Qb4 18. Qg3 f5 19. exf6 gxf6 20. Rf3 Kf7 21. Nb3
Be7 22. Bd2 Qb8 23. Bf4 Qg8 24. Qh2 Qg4 25. Bd6 Rhg8 26. Kf1 Rac8 27. Nxc5 Bb5
28. Bxe7 Kxe7 29. Rc1 Qd4 30. Qf4 Qxb2 31. Kg1 Qe5 32. Qb4 a6 33. Re3 Qg5 34.
Ne4+ 1-0

[Event "International Championship of Central S"]
[Site "Paracin"]
[Date "2014.07.07"]
[Round "4.43"]
[White "Kuzmanovic, Slobodan"]
[Black "Drogovoz, Maria"]
[Result "1-0"]
[WhiteElo "2120"]
[BlackElo "1952"]
[PlyCount "49"]
[EventDate "2014.07.04"]

1. e4 c5 2. Nf3 d6 3. d4 cxd4 4. Nxd4 Nf6 5. Nc3 a6 6. Bc4 e6 7. Bb3 Nc6 8. Be3
Be7 9. Qf3 Nxd4 10. Bxd4 O-O 11. Qg3 Qa5 12. O-O-O Bd7 13. Rhe1 Bc6 14. f4 Nh5
15. Qg4 Nf6 16. Qg3 Nh5 17. Qg4 Nf6 18. Qf3 Nd7 19. Nd5 exd5 20. exd5 Bf6 21.
Bxf6 Nxf6 22. dxc6 bxc6 23. Qxc6 Rab8 24. Qxd6 Rxb3 25. cxb3 1-0

[Event "International Championship of Central S"]
[Site "Paracin"]
[Date "2014.07.07"]
[Round "4.44"]
[White "Marjanovics, Annamaria"]
[Black "Zlatanovic, Zoran"]
[Result "1/2-1/2"]
[WhiteElo "2051"]
[BlackElo "2188"]
[PlyCount "78"]
[EventDate "2014.07.04"]

1. e4 c5 2. Nf3 Nc6 3. d4 cxd4 4. Nxd4 Nf6 5. Nc3 d6 6. Bg5 e6 7. Qd2 h6 8. Be3
Ng4 9. O-O-O Nxe3 10. Qxe3 a6 11. f4 Be7 12. Kb1 Qc7 13. Be2 Bd7 14. Qd2 O-O-O
15. Nxc6 Qxc6 16. Bf3 Qc5 17. Ne2 Kb8 18. Nd4 Bc8 19. g4 g5 20. f5 Bf6 21. c3
Kc7 22. Rhf1 Be5 23. Bh1 Bf4 24. Qg2 Kb8 25. Ne2 Be5 26. Nc1 Qb6 27. Qc2 h5 28.
h3 hxg4 29. hxg4 Rh2 30. Rd2 Rdh8 31. Bf3 Rxd2 32. Qxd2 Rh2 33. Ne2 Rf2 34.
Rxf2 Qxf2 35. Qd3 Bd7 36. Nd4 b5 37. a3 Kc7 38. Be2 Kb6 39. Kc2 Qg2 1/2-1/2

[Event "International Championship of Central S"]
[Site "Paracin"]
[Date "2014.07.07"]
[Round "4.45"]
[White "Tomic, Aleksandar"]
[Black "Djordjevic, Vuk"]
[Result "0-1"]
[WhiteElo "2019"]
[BlackElo "2148"]
[PlyCount "86"]
[EventDate "2014.07.04"]

1. Nf3 d5 2. g3 c5 3. Bg2 Nc6 4. O-O e6 5. c4 Nf6 6. b3 Be7 7. Bb2 d4 8. e3 e5
9. exd4 exd4 10. d3 Bf5 11. Re1 O-O 12. Ne5 Nxe5 13. Rxe5 Bg4 14. f3 Bd6 15.
Re1 Bf5 16. Na3 Qd7 17. Qd2 a6 18. b4 b6 19. f4 Rad8 20. Nc2 Bh3 21. a3 Bxg2
22. Qxg2 Qf5 23. Qf3 Rfe8 24. Kg2 h5 25. a4 a5 26. bxa5 bxa5 27. Ba3 Rxe1 28.
Rxe1 Qd7 29. Bc1 Qxa4 30. Na3 Re8 31. Rxe8+ Qxe8 32. Nb5 Bf8 33. Bd2 a4 34. h3
Qe6 35. Qd1 Qc6+ 36. Kf2 Qc8 37. Kg2 Qa8+ 38. Kf2 a3 39. Bc1 a2 40. Ba3 h4 41.
g4 Qb8 42. Kf3 g5 43. Qc1 a1=Q 0-1